| 000 | 00766nam a22002177a 4500 | ||
|---|---|---|---|
| 005 | 20241023062519.0 | ||
| 999 |
_c16331 _d16331 |
||
| 008 | 211123b ||||| |||| 00| 0 eng d | ||
| 020 | _a9789814878456 | ||
| 082 |
_22020 _aDC 658.5 _bC690 |
||
| 100 |
_aCollier, David Alan, author _943735 |
||
| 245 |
_aOperations management and total quality management/ _cDavid Alan Collier, James Evans, William Lindsay, authors. |
||
| 260 |
_aAustralia: _bCengage, _c©2020. |
||
| 300 |
_a698 pages: _billustrations; _c25 cm. |
||
| 500 | _aIncludes appendices and index. | ||
| 650 |
_a Production management _943736 |
||
| 650 |
_aTotal quality management _943737 |
||
| 700 |
_aEvans, James. _eauthor _943738 |
||
| 700 |
_aLindsay, William, _eauthor _943739 |
||
| 365 |
_b850 _cPhp |
||
| 942 |
_2ddc _cDC |
||